00548nam a2200193 a 4500001001300000003000900013005001700022008004100039020000900080082001900089100001600108245007900124260005800203300000800261500003500269505001400304650002000318700001600338nice12345678IN_TiNIC20260116015109.0050524s1999 dela grp 000 0 eng  ac5000a305.40954bJAC aJacob, Reny aHow to Start and Manage Women`s Development & Research Centresb a Manuel. aDelhibAll India Assot. for Christian Higher Edc1999 a84p aincludes index and biblioraphy2 aAppendice aWomen-Directory1 aJacob, Reny